عرض عادي
عرض مارك
- Radiology
مدخل مصطلح موضوعي
001 - رقم الضبط
- حقل الضبط: 64558
003 - معرف رقم الضبط
- حقل الضبط: OSt
005 - تاريخ ووقت أخر عملية
- حقل الضبط: 20180829181623.0
008 - عناصر بيانات ثابتة الطول
- حقل تحكم ثابت الطول: 180829|| aca||aabn | a|a d
040 ## - مصدر الفهرسة
- هيئة الفهرسة الأصلية: OSt
- وكالة الكتابة: OSt
150 ## - مدخل-- مصطلح تاريخي
- عنصر مدخل المصطلح الموضوعي او الاسم الجغرافي: Radiology
670 ## - بيانات المصدر موجوده
- الاستشهاد بالمصدر: Work cat.: (OSt)0: A Textbook of radiology and imaging, 1987
